| 000 | 01129nam a22003497a 4500 | ||
|---|---|---|---|
| 003 | CHAP | ||
| 005 | 20220329133635.0 | ||
| 008 | 971013s1993 r 00010 d | ||
| 010 | _a8901 | ||
| 011 | _a9873 | ||
| 035 | _a9109 | ||
| 040 | _cCHAP | ||
| 082 |
_a634.0182 _bS24 |
||
| 100 | 0 | 0 |
_aSchreuder, Hans T. _9103177 |
| 245 | _aSampling methods for multiresource forest inventory | ||
| 260 |
_aNew York : _bWiley, _c1993 |
||
| 300 | _a446 p. | ||
| 590 |
_aBATCH-UPD _b10 _c20130109 _lUCH01 _h2334 |
||
| 590 |
_aBATCH-UPD _b10 _c20130110 _lUCH01 _h1213 |
||
| 590 |
_aBATCH-UPD _b10 _c20130409 _lUCH01 _h1901 |
||
| 590 |
_aBATCH-UPD _b10 _c20130410 _lUCH01 _h0751 |
||
| 590 |
_aBATCH-UPD _b10 _c20130914 _lUCH01 _h0707 |
||
| 590 |
_aCONVERSION _b10 _c20130109 _lUCH01 _h1306 |
||
| 650 | 1 | 4 |
_aBosques _xInventarios. _914240 |
| 650 | 1 | 4 |
_aBosques _xMétodos estadísticos. _914340 |
| 650 | 1 | 4 |
_aMuestreo estadístico. _979288 |
| 700 | 0 |
_aGregoire, Timothy. _950604 |
|
| 700 | 0 |
_aWood, Geoffrey B. _9122515 |
|
| 901 | _aBK | ||
| 942 | _cLIBRO | ||
| 949 |
_a634.0182 S24 _bBC _cLIBRO _d33724000203543 _eLIBRO _gI.168136 _h84098 _i9109 _si _t313.00 |
||
| 999 |
_c8901 _d8901 |
||